Radiología dental : (Registro nro. 23095)

Detalles MARC
000 -LEADER
fixed length control field 01367nam a2200313 4500
001 - CONTROL NUMBER
control field 0000019235
003 - CONTROL NUMBER IDENTIFIER
control field CO-CtgCURN
005 - DATE AND TIME OF LATEST TRANSACTION
control field 20250520172840.0
007 - PHYSICAL DESCRIPTION FIXED FIELD--GENERAL INFORMATION
fixed length control field ta
008 - FIXED-LENGTH DATA ELEMENTS--GENERAL INFORMATION
fixed length control field 160627s2002 000 0 eng d
020 ## - INTERNATIONAL STANDARD BOOK NUMBER
International Standard Book Number 9701037545
040 ## - CATALOGING SOURCE
Original cataloging agency CO-CtgCURN
Language of cataloging spa
Transcribing agency coctgcurn
082 0# - DEWEY DECIMAL CLASSIFICATION NUMBER
Classification number 617
Item number H17R2a
100 1# - MAIN ENTRY--PERSONAL NAME
Personal name Haring, Joen Iannucci.
245 10 - TITLE STATEMENT
Title Radiología dental :
Remainder of title principios y técnicas /
Statement of responsibility, etc. Joen Iannucci Haring, Laura Jansen , traducción Armando Dominguez Pérez.
250 ## - EDITION STATEMENT
Edition statement 2a ed.
260 ## - PUBLICATION, DISTRIBUTION, ETC.
Place of publication, distribution, etc. Mexico :
Name of publisher, distributor, etc. McGraw-Hill,
Date of publication, distribution, etc. 2002.
300 ## - PHYSICAL DESCRIPTION
Extent xiv, 615 p.
336 ## - CONTENT TYPE
Source rdacontent
337 ## - MEDIA TYPE
Source rdamedia
Media type term sin mediacion
Media type code n
338 ## - CARRIER TYPE
Source rdacarrier
Carrier type term volumen
Carrier type code nc
500 ## - GENERAL NOTE
General note Glosario : p. 572-592 \ Incluye bibliografias e indice \ Titulo original. Dental radiography, principles and techniques.
505 8# - FORMATTED CONTENTS NOTE
Formatted contents note Contenido: Principios basicos de la radiacion.--Principios basicos de equipo, pelicula y procesamiento.--Principios basicos para el radiologo dental.--Principios basicos de la tecnica.--Anatomía normal y principios basicos del montaje de la pelicula.--Principios basicos de la interpretacion de radiografias
650 14 - SUBJECT ADDED ENTRY--TOPICAL TERM
Topical term or geographic name entry element Dientes
Form subdivision Radiografias.
700 1# - ADDED ENTRY--PERSONAL NAME
Personal name I.Jansen Lind, Laura.
908 ## - PUT COMMAND PARAMETER (RLIN)
Put command parameter 160627
942 ## - ADDED ENTRY ELEMENTS (KOHA)
Koha item type Libros
Classification part 617
Item part H17R2a
Source of classification or shelving scheme Dewey Decimal Classification
Suppress in OPAC No
Existencias
Withdrawn status Lost status Source of classification or shelving scheme Damaged status Not for loan Collection Home library Current library Shelving location Date acquired Inventory number Total checkouts Full call number Barcode Date last seen Price effective from Koha item type Public note
    Dewey Decimal Classification     General Miguel Henríquez Emiliani Miguel Henríquez Emiliani General 03/31/2025 009501   617 H17 R2a 009501 03/31/2025 03/31/2025 Libros 610-CIENME